[Event "CRO-chT2 Ost"]
[Site "Croatia"]
[Date "2015.10.17"]
[Round "7.52"]
[White "Goric, Esad"]
[Black "Vecera, Stjepan"]
[Result "1-0"]
[WhiteElo "2297"]
[BlackElo "2090"]
[PlyCount "86"]
[EventDate "2015.04.25"]
[EventType "team-tourn"]
[EventRounds "11"]
[EventCountry "CRO"]
[SourceTitle "EXT 2016"]
[Source "ChessBase"]
[SourceDate "2015.10.08"]
[SourceVersion "1"]
[SourceVersionDate "2015.10.08"]
[SourceQuality "1"]

1. Nf3 Nf6 2. b3 d5 3. Bb2 c5 4. e3 Nc6 5. Be2 Bg4 6. 0-0 e6 7. d4 cxd4 8. Nxd4 Bxe2 9. Qxe2 a6 10. Nxc6 bxc6 11. c4 Be7 12. Nc3 0-0 13. Rfd1 Qa5 14. Na4 Rfd8 15. Rac1 Nd7 16. e4 Bf6 17. cxd5 Bxb2 18. Qxb2 cxd5 19. exd5 exd5 20. Qd4 Rac8 21. Rxc8 Rxc8 22. Qg4 Qb5 23. h3 Qc6 24. Qd4 Nf6 25. Nb6 Rd8 26. Nc4 h6 27. Ne3 Qe6 28. b4 Rb8 29. a3 a5 30. bxa5 Ra8 31. Nxd5 Nxd5 32. Qxd5 Qa6 33. Rb1 Rc8 34. Rb6 Qc4 35. Qd6 Qc2 36. Rb8 Rxb8 37. Qxb8+ Kh7 38. Qb4 Qd1+ 39. Kh2 Qe2 40. Qc5 Qd2 41. a6 Qf4+ 42. g3 Qf3 43. a7 Kg8 1-0

[Event "Zupanja op-B 2nd"]
[Site "Zupanja"]
[Date "2008.01.06"]
[Round "5"]
[White "Vecera, Stjepan"]
[Black "Hodzic, Nihad"]
[Result "0-1"]
[WhiteElo "2149"]
[BlackElo "2259"]
[PlyCount "114"]
[EventDate "2008.01.03"]
[EventType "swiss"]
[EventRounds "9"]
[EventCountry "CRO"]
[SourceTitle "CBM 122 Extra"]
[Source "ChessBase"]
[SourceDate "2008.03.04"]
[SourceVersion "1"]
[SourceVersionDate "2008.03.04"]
[SourceQuality "1"]

1. d4 d5 2. c4 c6 3. cxd5 cxd5 4. Nc3 Nf6 5. Bf4 Nc6 6. e3 a6 7. a3 Bf5 8. Nf3 e6 9. Nh4 Bg4 10. Be2 Bxe2 11. Qxe2 Be7 12. Nf3 0-0 13. Ne5 Rc8 14. Nxc6 Rxc6 15. 0-0 Qb6 16. Rfc1 Rfc8 17. f3 Qb3 18. Qc2 Qxc2 19. Rxc2 b5 20. Rcc1 h6 21. Bg3 Nd7 22. e4 Nb6 23. Re1 Bf6 24. e5 Bd8 25. Re2 Rc4 26. Rd2 Nd7 27. Kf1 Ba5 28. b4 Rxc3 29. bxa5 R8c4 30. Be1 Rb3 31. Rdd1 Nb8 32. Rdb1 Rxb1 33. Rxb1 Rxd4 34. g3 g5 35. Ke2 Rc4 36. Bd2 Nc6 37. f4 gxf4 38. gxf4 Kh7 39. Rf1 Nd4+ 40. Kd3 Nf5 41. Rf2 Kg7 42. Rg2+ Kf8 43. Bb4+ Ke8 44. Rg8+ Kd7 45. Ra8 Rd4+ 46. Ke2 Rxf4 47. Rxa6 Nd4+ 48. Kd3 Nc6 49. Bd2 Nxe5+ 50. Ke2 Re4+ 51. Kf1 Ra4 52. Bxh6 Nc6 53. Bd2 Rxa3 54. Ra8 f5 55. Rf8 Rxa5 56. Rf7+ Kd6 57. h4 d4 0-1